| 000 | 00666nam a2200217 a 4500 | ||
|---|---|---|---|
| 001 | 60747 | ||
| 003 | BD-RjUL | ||
| 005 | 20211209080858.0 | ||
| 008 | 170102s1968 enka 001 0 eng d | ||
| 035 | _a(BD-RjUL)60871 | ||
| 040 |
_aBD-RjUL _beng _cBD-RjUL |
||
| 041 | _aeng | ||
| 082 |
_223 _a370.15 _bREA 1968 |
||
| 245 | 1 | 0 |
_aReadings in educational psychology / _cEdited by Henry Clay Lindgren |
| 260 |
_aLondon : _bJohn wiley & sons inc., _cc1968. |
||
| 300 |
_ax, 474 p : _bill ; _c22 cm. |
||
| 504 | _aIncludes indexes and bibliographical references | ||
| 650 | 0 |
_aEducational psychology _9178267 |
|
| 700 |
_aLindgren, Henry Clay _9180992 |
||
| 942 |
_2ddc _cBK |
||
| 999 |
_c60747 _d60747 |
||